[Event "Veneto-ch qf 65th"]
[Site "Arqua Petrarca"]
[Date "2005.05.15"]
[Round "6.19"]
[White "De Zordi, Fabio"]
[Black "Lorenzini, Adriano"]
[Result "0-1"]
[WhiteElo "1733"]
[BlackElo "1883"]
[PlyCount "86"]
[EventDate "2005.05.07"]
[EventType "swiss"]
[EventRounds "6"]
[EventCountry "ITA"]
[SourceTitle "EXT 2024"]
[Source "ChessBase"]
[SourceDate "2023.10.10"]
[SourceVersion "1"]
[SourceVersionDate "2023.10.10"]
[SourceQuality "1"]

1. Nf3 Nf6 2. b3 d5 3. Bb2 Bf5 4. e3 e6 5. c4 Be7 6. Nc3 c6 7. Be2 Nbd7 8. 0-0 h6 9. cxd5 exd5 10. a3 a5 11. Rc1 0-0 12. Na4 Ne4 13. d3 Nec5 14. Nxc5 Bxc5 15. d4 Bd6 16. Bd3 Bxd3 17. Qxd3 Qe7 18. Ra1 f5 19. g3 Qe4 20. Qxe4 fxe4 21. Nd2 a4 22. Rfc1 Nb6 23. b4 Rf5 24. Rc2 Raf8 25. Rf1 h5 26. b5 cxb5 27. f3 Nc4 28. Nxc4 bxc4 29. f4 b5 30. Rb1 Rb8 31. Bc1 Rf7 32. Ra2 Rfb7 33. Bd2 b4 34. axb4 Bxb4 35. Rab2 Bxd2 36. Rxb7 Bxe3+ 37. Kf1 Rxb7 38. Rxb7 Bxd4 39. Rb8+ Kf7 40. Ra8 Bb2 41. Ke1 a3 42. Ra6 d4 43. h3 c3 0-1

[Event "Venice Autumn op-B 10th"]
[Site "Venice"]
[Date "2004.11.01"]
[Round "5"]
[White "Lorenzini, Adriano"]
[Black "Bonan, Yves"]
[Result "1-0"]
[WhiteElo "1880"]
[BlackElo "1825"]
[PlyCount "107"]
[EventDate "2004.10.30"]
[EventType "swiss"]
[EventRounds "5"]
[EventCountry "ITA"]
[SourceTitle "EXT 2009"]
[Source "ChessBase"]
[SourceDate "2008.11.26"]
[SourceVersion "1"]
[SourceVersionDate "2008.11.26"]
[SourceQuality "1"]

1. d4 Nf6 2. c4 g6 3. Nc3 Bg7 4. e4 d6 5. f3 0-0 6. Be3 Nbd7 7. Qd2 c6 8. Nge2 b5 9. cxb5 cxb5 10. Nxb5 a5 11. a4 Ba6 12. Nec3 Bxb5 13. Bxb5 Ne8 14. 0-0 Nc7 15. Bh6 Bxh6 16. Qxh6 Nxb5 17. Nxb5 Qb6 18. Qd2 Rac8 19. Rfc1 Nb8 20. Kh1 Na6 21. Ra3 Rxc1+ 22. Qxc1 Nb4 23. Qc7 Qxc7 24. Nxc7 Nc2 25. Rd3 Rc8 26. Nd5 Rb8 27. b3 e6 28. Ne7+ Kf8 29. Nc6 Rc8 30. Nxa5 Nxd4 31. h4 e5 32. Rd1 Rc2 33. Rb1 Ra2 34. Nc4 Ke7 35. a5 Ke6 36. b4 d5 37. exd5+ Kxd5 38. Ne3+ Kc6 39. Ng4 Kd6 40. Nf6 h5 41. Ne4+ Kc6 42. Ng5 f6 43. Nh7 Nf5 44. Nxf6 Nxh4 45. b5+ Kb7 46. a6+ Kc8 47. b6 Rxa6 48. b7+ Kb8 49. Nd7+ Kc7 50. b8Q+ Kxd7 51. Qb7+ Ke6 52. Qxa6+ Kf5 53. Rb4 Kg5 54. Rxh4 1-0

[Event "Venice Autumn op-B 10th"]
[Site "Venice"]
[Date "2004.11.01"]
[Round "4"]
[White "Lorenzini, Adriano"]
[Black "Xia, Jie"]
[Result "0-1"]
[WhiteElo "1880"]
[BlackElo "2097"]
[PlyCount "66"]
[EventDate "2004.10.30"]
[EventType "swiss"]
[EventRounds "5"]
[EventCountry "ITA"]
[SourceTitle "EXT 2009"]
[Source "ChessBase"]
[SourceDate "2008.11.26"]
[SourceVersion "1"]
[SourceVersionDate "2008.11.26"]
[SourceQuality "1"]

1. d4 Nf6 2. c4 g6 3. Nc3 Bg7 4. e4 d6 5. f3 0-0 6. Be3 e5 7. Nge2 Nc6 8. d5 Ne7 9. Qd2 Ne8 10. 0-0-0 f5 11. Kb1 f4 12. Bf2 a6 13. Nc1 Bd7 14. Nb3 Qb8 15. c5 Nf6 16. Be2 Rf7 17. Rc1 Nc8 18. Rc2 Bf8 19. c6 bxc6 20. dxc6 Be6 21. Nd5 Nxd5 22. exd5 Bf5 23. Bd3 Ne7 24. Be4 Qc8 25. Rc4 Bh6 26. Qa5 Rb8 27. Rd1 Rb5 28. Qc3 Nxd5 29. Qe1 Bxe4+ 30. fxe4 Ne3 31. Bxe3 fxe3 32. Nc1 Qg4 33. Rc2 Qxe4 0-1

[Event "Venice Autumn op-B 10th"]
[Site "Venice"]
[Date "2004.10.31"]
[Round "2"]
[White "Lorenzini, Adriano"]
[Black "Buzio, Alberto"]
[Result "1-0"]
[WhiteElo "1880"]
[BlackElo "1909"]
[PlyCount "101"]
[EventDate "2004.10.30"]
[EventType "swiss"]
[EventRounds "5"]
[EventCountry "ITA"]
[SourceTitle "EXT 2009"]
[Source "ChessBase"]
[SourceDate "2008.11.26"]
[SourceVersion "1"]
[SourceVersionDate "2008.11.26"]
[SourceQuality "1"]

1. d4 Nf6 2. c4 e6 3. Nc3 Bb4 4. Qc2 c5 5. Nf3 0-0 6. Bg5 cxd4 7. Nxd4 Nc6 8. e3 h6 9. Bh4 d5 10. a3 Be7 11. Rd1 Qa5 12. Nb3 Qd8 13. Be2 Qb6 14. Bxf6 Bxf6 15. cxd5 Bxc3+ 16. Qxc3 exd5 17. Rxd5 Be6 18. Rb5 Qd8 19. 0-0 Rc8 20. Rxb7 Qg5 21. Rb5 Qe7 22. Rc5 Bxb3 23. Rxc6 Be6 24. Ba6 Rb8 25. b4 Rfd8 26. Rc1 Qg5 27. Rc5 Qg6 28. Qc2 Qf6 29. Bc4 Bg4 30. Rc7 Qd6 31. Rxf7 Kh8 32. h3 Bh5 33. Rf4 Bg6 34. Qb2 Qd2 35. Qc3 Qxc3 36. Rxc3 Rd1+ 37. Kh2 Rbd8 38. Bf7 Bh7 39. Bh5 R1d7 40. Bg4 Rd2 41. Rc7 Bg6 42. Rxa7 R2d6 43. b5 Kg8 44. a4 Bd3 45. h4 g5 46. hxg5 hxg5 47. Rff7 Bg6 48. Rfd7 R6xd7 49. Bxd7 Kf7 50. Bf5+ Kf6 51. Bxg6 1-0

[Event "Venice Autumn op-B 10th"]
[Site "Venice"]
[Date "2004.10.31"]
[Round "3"]
[White "Tomio, Dante"]
[Black "Lorenzini, Adriano"]
[Result "0-1"]
[WhiteElo "1876"]
[BlackElo "1880"]
[PlyCount "64"]
[EventDate "2004.10.30"]
[EventType "swiss"]
[EventRounds "5"]
[EventCountry "ITA"]
[SourceTitle "EXT 2009"]
[Source "ChessBase"]
[SourceDate "2008.11.26"]
[SourceVersion "1"]
[SourceVersionDate "2008.11.26"]
[SourceQuality "1"]

1. d4 d5 2. Nf3 Nf6 3. Bg5 Nbd7 4. e3 e6 5. Bd3 c5 6. c3 Be7 7. Nbd2 0-0 8. Ne5 Nxe5 9. dxe5 Nd7 10. Bf4 f5 11. h4 Qc7 12. Nf3 c4 13. Bc2 b5 14. Rg1 b4 15. g4 fxg4 16. Rxg4 bxc3 17. bxc3 Nc5 18. Nd4 Bd7 19. Qb1 Nd3+ 20. Bxd3 cxd3 21. Qxd3 Rac8 22. Kd2 Qa5 23. Nb3 Qa3 24. Rag1 Qxa2+ 25. Ke1 Rf7 26. Bh6 Qxf2+ 27. Kd1 Bf8 28. Nd2 Rb8 29. Rf1 Bb5 30. Rxf2 Bxd3 31. Rxf7 Kxf7 32. Bf4 h5 0-1

[Event "Graticolato op-B U1700 8th"]
[Site "Santa Maria di Sala"]
[Date "2000.11.19"]
[Round "2.8"]
[White "Nenzi, Laura"]
[Black "Lorenzini, Adriano"]
[Result "0-1"]
[WhiteElo "1600"]
[BlackElo "1609"]
[PlyCount "50"]
[EventDate "2000.11.18"]
[EventType "swiss"]
[EventRounds "6"]
[EventCountry "ITA"]
[SourceTitle "EXT 2023"]
[Source "ChessBase"]
[SourceDate "2022.10.05"]
[SourceVersion "1"]
[SourceVersionDate "2022.10.05"]
[SourceQuality "1"]

1. e4 d5 2. exd5 Qxd5 3. Nc3 Qa5 4. d4 Bf5 5. Nf3 e6 6. Bd2 c6 7. Bc4 Nf6 8. 0-0 Nbd7 9. Re1 Qc7 10. d5 cxd5 11. Bxd5 Be7 12. Bb3 0-0 13. a3 Nc5 14. Ne5 a6 15. Bf4 Bd6 16. Qf3 Rfd8 17. Re2 Ng4 18. Nxg4 Bxf4 19. h3 Nxb3 20. cxb3 Rd3 21. Ne3 Rad8 22. Rd1 Qxc3 23. bxc3 Rxd1+ 24. Nf1 Rxf1+ 25. Kxf1 Rd1+ 0-1

[Event "Veneto qf 60th"]
[Site "Venice Canal"]
[Date "2000.06.04"]
[Round "5.5"]
[White "Lorenzini, Adriano"]
[Black "Zotti, Enrico"]
[Result "0-1"]
[WhiteElo "1600"]
[BlackElo "1700"]
[PlyCount "52"]
[EventDate "2000.05.27"]
[EventType "swiss"]
[EventRounds "6"]
[EventCountry "ITA"]
[SourceTitle "EXT 2023"]
[Source "ChessBase"]
[SourceDate "2022.10.05"]
[SourceVersion "1"]
[SourceVersionDate "2022.10.05"]
[SourceQuality "1"]

1. d4 Nf6 2. c4 g6 3. Nc3 Bg7 4. e4 d6 5. f3 0-0 6. Be3 Nbd7 7. Qd2 e5 8. d5 Re8 9. Nh3 a5 10. Na4 b6 11. Nf2 Nc5 12. Nc3 h5 13. Be2 Kh7 14. b3 Bd7 15. Nb5 Qc8 16. Qc3 Ng8 17. g4 hxg4 18. h4 g3 19. Nd3 Nf6 20. 0-0-0 Nh5 21. Qd2 f5 22. exf5 Bxf5 23. Nc3 e4 24. Nxc5 bxc5 25. Rdg1 exf3 26. Bxf3 Rxe3 0-1